00310nam a2200109Ia 45000010005000000080041000050200018000460820024000641000024000882450048001122600040001602234241024s9999 xx 000 0 und d a84-921845-7-4 aRD/972.93054/B742d2 acomp. Inoa, Orlando 0aJuan Bosch. Discursos políticos 1961-1966 bPresidencia de la Repúblicac2005